The writing on the wall, India checkmates America 2017 / (Record no. 187502)
[ view plain ]
| 000 -LEADER | |
|---|---|
| fixed length control field | 00711 a2200217 4500 |
| 003 - CONTROL NUMBER IDENTIFIER | |
| control field | Nust |
| 005 - DATE AND TIME OF LATEST TRANSACTION | |
| control field | 20230208110031.0 |
| 010 ## - LIBRARY OF CONGRESS CONTROL NUMBER | |
| LC control number | 2004328143 |
| 020 ## - INTERNATIONAL STANDARD BOOK NUMBER | |
| International Standard Book Number | 8170491754 |
| 035 ## - SYSTEM CONTROL NUMBER | |
| System control number | (DLC) 2004328143 |
| 040 ## - CATALOGING SOURCE | |
| Transcribing agency | Nust |
| 082 ## - DEWEY DECIMAL CLASSIFICATION NUMBER | |
| Classification number | 954.73,PAD |
| 100 1# - MAIN ENTRY--PERSONAL NAME | |
| Personal name | Padmanabhan, S., |
| 9 (RLIN) | 108732 |
| 245 14 - TITLE STATEMENT | |
| Title | The writing on the wall, India checkmates America 2017 / |
| Statement of responsibility, etc. | S. Padmanabhan. |
| 246 30 - VARYING FORM OF TITLE | |
| Title proper/short title | India checkmates America 2017 |
| 260 ## - PUBLICATION, DISTRIBUTION, ETC. | |
| Place of publication, distribution, etc. | New Delhi : |
| Name of publisher, distributor, etc. | Manas Publications, |
| Date of publication, distribution, etc. | 2004. |
| 300 ## - PHYSICAL DESCRIPTION | |
| Extent | 300 p. ; |
| Dimensions | 23 cm. |
| 505 ## - FORMATTED CONTENTS NOTE | |
| Formatted contents note | Part 1: The Changed World Order (Page-11), Part 2: India on the March : 2003-2018 (Page-73), Part 3: Conflict (Page-165). |
| 538 ## - SYSTEM DETAILS NOTE | |
| System details note | Almirah No.63 Shelf No.1 |
| 942 ## - ADDED ENTRY ELEMENTS (KOHA) | |
| Source of classification or shelving scheme | |
| Koha item type | Book |
| Withdrawn status | Lost status | Source of classification or shelving scheme | Damaged status | Not for loan | Permanent Location | Current Location | Shelving location | Date acquired | Full call number | Barcode | Date last seen | Price effective from | Koha item type | Public note |
|---|---|---|---|---|---|---|---|---|---|---|---|---|---|---|
| Military College of Signals (MCS) | Military College of Signals (MCS) | General Stacks | 12/12/2016 | 954.73,PAD | MCS31841 | 12/08/2016 | 12/12/2016 | Book | Almirah No.61, Shelf No.6 |
